000 00473nam a2200181Ia 4500
003 GCL
008 140319s9999 xx 000 0 eng d
040 _aGCL /
_cGCL
082 0 4 _a820.94
_bB A
100 1 _aBATCHELOR, JOHN
245 1 0 _aTHE ART OF LITERARY BIOGRAPHY /
_cBATCHELOR, JOHN
260 _a[S.N] :
_bCLARENDON PRESS ،
_c1995
300 _a289 P
650 0 4 _aHISTORY AND CRITICISM
650 0 4 _aBIOGRAPHY
650 0 4 _aAUTHORS, ENGLISH
942 _2ddc
_cBK
999 _c25099
_d25099